Quizzes
Events
Quiz Creation
Community
Videos
Private Events
Remove Ads
Sign In
Join for FREE
Feedback
Dark Mode
Quiz Categories
Sports
Geography
Music
Movies
Television
Just For Fun
Miscellaneous
History
Literature
Language
Science
Gaming
Entertainment
Religion
Holiday
For Kids
Quiz Lab
Recent
Popular Today
Quiz Kudos Today
Editor Picks
Curator Picks
Quizzes by...
Day
Popularity
Type
Ratings
Length
Year
Community
Subscriptions
Recent Discussions
Orange Saloon
Badges
Playlists
Quests
Create
Leaderboards
Showdown
Live 5
Trivia Bingo
Activity
Puzzle Library
Sporcle Events
Private Events
Virtual Trivia
Globe League
Become a Host
Pub Owners
SporcleCon
Opinionation
Our Games
Videos
Blog
Mobile Apps
Partnerships
Remove Ads and Go Orange
Feedback
Music
Pop Music
The Beatles
Song
Album
Lyrics
Bands
Singers
Artist
Clip
Rock
Rap
Classical
Billboard
Country Music
Kpop
Taylor Swift
Music
Pop Music
The Beatles
Song
Album
Lyrics
Bands
Singers
Artist
Clip
Rock
Rap
Classical
Billboard
Country Music
Kpop
Taylor Swift
Random Quiz
Search Sporcle
×
Quiz Lab
Quiz Lab
Music
Album
Type in answers that appear in a list
Type in answers that appear in a list
Classic
Best Score? Go Orange.
Arrested Development Songs Stats
Can you name the Arrested Development Songs?
By
mscott
10m
130 Questions
7 Plays
7 Plays
7 Plays
Comments
Comments
Give Quiz Kudos
Give Quiz Kudos
-
- Ratings
hide this ad
Replay
Link that replays current quiz
Next Quiz
Link to next quiz in quiz playlist
You Got
0%
They Got
Avg Score
33%
Avg Friend Score
Upgrade to see
Score Distribution
Jump to the score distribution portion of the page
Score
0/130
Timer
10:00
0
Plays Today
Album
Song
% Correct
3 Years, 5 Months & 2 Days in the Life Of...
U
57.1%
Unplugged
U
57.1%
Heroes of the Harvest
Heroes of the Harvest
57.1%
Among The Trees
Among The Trees
57.1%
Since The Last Time
Since The Last Time
42.9%
3 Years, 5 Months & 2 Days in the Life Of...
Mr. Wendal
28.6%
3 Years, 5 Months & 2 Days in the Life Of...
Tennessee
28.6%
Unplugged
Mr. Wendal
28.6%
Unplugged
Mr. Wendal [instrumental]
28.6%
Heroes of the Harvest
Love Is Contagious
28.6%
Extended Revolution
Mr Wendal (Perfecto Mix)
28.6%
Extended Revolution
Tennessee (Pirate Radio Mix)
28.6%
Extended Revolution
Tennessee (Back To Roots Mix)
28.6%
Extended Revolution
Mr Wendal (Hip Hop Drum Attack)
28.6%
3 Years, 5 Months & 2 Days in the Life Of...
Man's Final Frontier
14.3%
3 Years, 5 Months & 2 Days in the Life Of...
Mama's Always On Stage
14.3%
3 Years, 5 Months & 2 Days in the Life Of...
People Everyday
14.3%
3 Years, 5 Months & 2 Days in the Life Of...
Blues Happy
14.3%
3 Years, 5 Months & 2 Days in the Life Of...
Children Play with Earth
14.3%
3 Years, 5 Months & 2 Days in the Life Of...
Raining Revolution
14.3%
3 Years, 5 Months & 2 Days in the Life Of...
Fishin' 4 Religion
14.3%
3 Years, 5 Months & 2 Days in the Life Of...
Give a Man a Fish
14.3%
3 Years, 5 Months & 2 Days in the Life Of...
Eve of Reality
14.3%
3 Years, 5 Months & 2 Days in the Life Of...
Natural
14.3%
3 Years, 5 Months & 2 Days in the Life Of...
Dawn Of The Dreads
14.3%
3 Years, 5 Months & 2 Days in the Life Of...
Washed Away
14.3%
3 Years, 5 Months & 2 Days in the Life Of...
People Everyday [Metamorphosis Mix]
14.3%
Unplugged
Time
14.3%
Unplugged
Give A Man A Fish
14.3%
Unplugged
The Gettin'
14.3%
Unplugged
Natural
14.3%
Unplugged
Searchin' for One Soul
14.3%
Unplugged
Raining Revolution
14.3%
Unplugged
Fishin' 4 Religion
14.3%
Unplugged
Mama's Always on Stage
14.3%
Unplugged
People Everyday
14.3%
Unplugged
Give a Man a Fish [instrumental]
14.3%
Unplugged
The Gettin' [instrumental]
14.3%
Unplugged
Natural [instrumental]
14.3%
Unplugged
Searchin' for One Soul [instrumental]
14.3%
Unplugged
Raining Revolution [instrumental]
14.3%
Unplugged
Mama's Always on Stage [instrumental]
14.3%
Zingalamaduni
WMFW (We Must Fight & Win) FM [Intro]
14.3%
Zingalamaduni
United Minds
14.3%
Album
Song
% Correct
Zingalamaduni
Ache'n for Acres
14.3%
Zingalamaduni
United Front
14.3%
Zingalamaduni
Africa's Inside Me
14.3%
Zingalamaduni
Pride
14.3%
Zingalamaduni
Shell
14.3%
Zingalamaduni
Mister Landlord
14.3%
Zingalamaduni
Warm Sentiments
14.3%
Zingalamaduni
The Drum
14.3%
Zingalamaduni
In The Sunshine
14.3%
Zingalamaduni
Kneelin' At My Altar
14.3%
Zingalamaduni
Fountain Of Youth
14.3%
Zingalamaduni
Ease My Mind
14.3%
Zingalamaduni
Praisin' U
14.3%
Da Feelin'
If Dey Ask...
14.3%
Da Feelin'
Fame
14.3%
Da Feelin'
Fire
14.3%
Da Feelin'
Not Worthy
14.3%
Da Feelin'
On Conscious
14.3%
Da Feelin'
Conditional Love [Original Version]
14.3%
Da Feelin'
Fayetteville Experience
14.3%
Heroes of the Harvest
On Conscious
14.3%
Heroes of the Harvest
In Tha South
14.3%
Heroes of the Harvest
Music & Life
14.3%
Heroes of the Harvest
Somewhere in North Georgia
14.3%
Heroes of the Harvest
The Story Of Us
14.3%
Heroes of the Harvest
Strugglin'
14.3%
Heroes of the Harvest
Lost Soldiers
14.3%
Heroes of the Harvest
If Dey Ask...
14.3%
Heroes of the Harvest
Hit The Road Jack
14.3%
Heroes of the Harvest
Conditional Love
14.3%
Heroes of the Harvest
If U Want Me to Stay
14.3%
Heroes of the Harvest
Salted Meat
14.3%
Heroes of the Harvest
I Wanna Go Out Tonight
14.3%
Heroes of the Harvest
The Challenge
14.3%
Heroes of the Harvest
Arrested Development
14.3%
Heroes of the Harvest
Resurrection (Man's final frontier)
14.3%
Extended Revolution
United Front (Noises In My Attic Remix)
14.3%
Extended Revolution
People Everyday (Metamorphosis Mix)
14.3%
Extended Revolution
Ease My Mind (Another Perspective Mix)
14.3%
Extended Revolution
Fishin' For Religion (Remix)
14.3%
Extended Revolution
Revolution (Another Perspective Mix)
14.3%
Extended Revolution
People Everyday (Maroon Mix)
14.3%
Among The Trees
From The Start
14.3%
Among The Trees
Lotta Things To Do
14.3%
Album
Song
% Correct
Among The Trees
Esmerelda
14.3%
Among The Trees
Luxury Pt. I
14.3%
Among The Trees
Luxury Pt. II
14.3%
Among The Trees
Honeymoon Prelude
14.3%
Among The Trees
Honeymoon Day
14.3%
Among The Trees
Wag Your Tail
14.3%
Among The Trees
Calling All Ghetto Children
14.3%
Among The Trees
In The Sun
14.3%
Among The Trees
Baba Intro
14.3%
Among The Trees
Baba Oje' Is The Oldest One Pt. I
14.3%
Among The Trees
Baba Oje' Is The Oldest One Pt. II
14.3%
Among The Trees
I'm Ignoring You
14.3%
Among The Trees
Pain Thangs
14.3%
Among The Trees
Night Time Demons
14.3%
Among The Trees
Tings Distracting
14.3%
Among The Trees
Lotta Things To Do (Remix)
14.3%
Since The Last Time
Miracles
14.3%
Since The Last Time
Down And Dirty
14.3%
Strong
Bloody
14.3%
Strong
Let Your Voice Be Heard
14.3%
Strong
The Trends
14.3%
Strong
Haters
14.3%
Strong
Any Tree But That
14.3%
Strong
Greener
14.3%
Strong
Too Much Woman For Ya
14.3%
Strong
La La La
14.3%
Strong
We Rad, We Doin' It
14.3%
Strong
The World is Changing
14.3%
Strong
Africa We Thank Ya
14.3%
Strong
Freedom
14.3%
Non Album Singles
Down & Dirty (Clap Your Hands)
14.3%
Heroes of the Harvest
Rules 2 The Game
0%
Since The Last Time
How Far Is Heaven
0%
Since The Last Time
Sao Paulo
0%
Since The Last Time
Sunshine
0%
Since The Last Time
Stand
0%
Since The Last Time
It's Time
0%
Since The Last Time
Inner City
0%
Since The Last Time
I Know I'm Bad
0%
Since The Last Time
Caught Me
0%
Since The Last Time
Nobody Believes Me Anyway
0%
Non Album Singles
Africa's Inside Of Me
0%
Quiz Playlist
Details
Report
Send in Message
Add To Playlist
Classic:
Type in answers that appear in a list
Quiz Source
Last Updated: Feb 16, 2017
Quiz Scoreboard
CHALLENGE
Sign Up to Join the Scoreboard
Show All
Scores
Hide
Comments
May contain spoilers
Recently Published
An Introduction to Baseball
by treessimontrees
Sports
5m
Movies - When Are They Set?
by FPL_Elf
Movies
5m
Popular People in 1961
by mucciniale
History
6m
More to Explore
Quiz From the Vault
Featured Blog Post
Where Did the Easter Bunny Come From?
hide this ad
You Might Also Like...
Tags
Album Quiz
Song Quiz
1997
complete
Rolling
stone
The Rolling Stones
Today's Top Quizzes in Music
Browse Music
hide this ad
Today's Top Quizzes in Album
Browse Album
Top Contributed Quizzes in Music
1
Taylor Swift All Songs (2024)
2
2010s Album by Cover III
3
Guess the Artist- 70s Songs
4
One Thing in Common: Music
5
Taylor Swift Logic Puzzle
6
Guess the Taylor Swift song (Mystery Song)
7
2010s Album by Cover IV
8
2010s Album by Cover V
9
KPOP LOGIC QUIZ
10
Kpop Logic Quiz
Explore More
Trending Topics
Harry Potter
NBA
Marvel
Kpop
Anime
Disney
Crossword
Pokémon
Country
The Office
Puzzle
WWE
NFL
Soccer
Song
hide this ad
More By:
mscott
Quiz
Plays
Rating
Category
Featured
Created
ABBA Songs
23,647
4.48
Music
Aug 16, 2011
The Complete Paul McCartney Part 1
1,045
5.00
Music
Nov 6, 2010
Bjork Songs
805
4.50
Music
Dec 24, 2011
Elvis Costello Songs 1977-1989
761
5.00
Music
Oct 18, 2010
Tori Amos Songs
549
5.00
Music
Sep 3, 2011
Go to Creator's Profile
Score Distribution
Quiz Creator Spotlight
mscott
Follow
Send a Message
Quizzes Created
-
Created Quiz Play Count
-
More By This Creator
Popular Quizzes Today
1
Find the Countries of Europe - No Outlines Minefield
2
Find the US States - No Outlines Minefield
3
The Countries of the World
4
Popular People in 1961
5
US States
6
1-10 Letter E Words III
7
Find the US States
8
One Thing in Common: World Cities II
More Music Quizzes
Stray Kids song by Changbin's rap [audio]
Quiz Lab
Trending Quizzes
Risky Map Clicking: Least Populous States A-Z
1-10 Letter F Words
1-10 Letter G Words
One Thing in Common: United Kingdom
Risky Map Clicking: Next State Alphabetically
Recently Updated
Leaping Animals
pecheneg
Reality TV Shows (A-Z)
bhenderson79
Rickey Henderson's Hall of Fame Teammates
pecheneg
Champions League XIs: Arsenal
pecheneg
Quick Pick: Celebrities in WWE's Hall of Fame
aduchscher
A-Z Keypad Blitz II
pecheneg
Multiple Oscar Actors
pecheneg
Mystery Phrase Blitz: Oscar 'Best Actors'
pecheneg
F. Scott Fitzgerald Novels
LTH
Pick 3 Villains
ddd62291
Trending Topics
Marvel
Anime
NBA
Harry Potter
Kpop
Disney
Crossword
WWE
Pokémon
Soccer
NFL
Puzzle
The Office
Song
Country
Your Account Isn't Verified!
In order to create a playlist on Sporcle, you need to verify the email address you used during registration. Go to your
Sporcle Settings
to finish the process.
Report this User
Report this user for behavior that violates our
Community Guidelines
.
Details:
Send Report
Go to the Sporcle.com Mobile Site →
Comments